[Event "Let's Play Chess!"]
[Site "http://www.queenalice.com/game.php?id=698913"]
[Date "2009.12.16"]
[Round "-"]
[White "pegasusapril"]
[Black "baron_1999"]
[Result "0-1"]
[WhiteElo "1521"]
[BlackElo "1500"]

1. e4 c5 2. e5 d6 3. exd6 exd6 4. Nf3 Nf6 5. Be2 Be7 6. O-O O-O 7. Re1 Nc6 8. d3
d5 9. c3 Re8 10. Nbd2 Bd6 11. a3 a5 12. Bf1 Rxe1 13. Nxe1 Bf5 14. Nef3 Qe7 15.
d4 cxd4 16. Nxd4 Nxd4 17. cxd4 Rc8 18. Nf3 Rc2 19. Bd3 Bxd3 20. Qxd3 Qe4 21.
Qxe4 Nxe4 22. Be3 Rxb2 23. a4 f6 24. g3 Kf7 25. Kg2 g5 26. Rc1 Ke6 27. Rc3 Nxc3
28. Ne1 Ra2 29. Nd3 Rxa4 30. Nb2 Ra2 31. Nd3 Nd1 32. Nc1 Nxe3+ 33. Kf3 Rc2 34.
Kxe3 Rxc1 35. Kd2 Rc8 36. h3 a4 37. g4 a3 38. f3 a2 0-1

[Event "Challenge"]
[Site "http://www.queenalice.com/game.php?id=702088"]
[Date "2009.12.22"]
[Round "-"]
[White "montelo"]
[Black "baron_1999"]
[Result "0-1"]
[WhiteElo "2092"]
[BlackElo "1640"]

1. e4 c5 2. Nc3 Nc6 3. Qh5 e6 4. d3 Nf6 5. Qf3 d5 6. Bg5 d4 7. Nce2 Be7 8. Qg3
Nxe4 9. dxe4 Bxg5 10. h4 Nb4 11. Kd1 Bh6 12. a3 d3 13. axb4 dxe2+ 14. Kxe2 Qd2+
15. Kf3 O-O 16. bxc5 f5 17. e5 Bd7 18. Bd3 Bc6+ 19. Be4 Bxe4# 0-1

[Event "Challenge"]
[Site "http://www.queenalice.com/game.php?id=702089"]
[Date "2009.12.22"]
[Round "-"]
[White "baron_1999"]
[Black "montelo"]
[Result "1-0"]
[WhiteElo "1640"]
[BlackElo "2094"]

1. d4 c6 2. e4 g6 3. Nf3 Bg7 4. Nc3 Nf6 5. e5 Nd5 6. Nxd5 cxd5 7. Bf4 Qb6 8. Rb1
Nc6 9. Be2 e6 10. c3 Qa5 11. a4 Ne7 12. O-O O-O 13. Qb3 Nf5 14. g4 Nh6 15. Bg5
Nxg4 16. Be7 Re8 17. Bb4 Qc7 18. Bd6 Qa5 19. Kh1 Bh6 20. h3 Nxf2+ 21. Rxf2 Be3
22. Rg2 h5 23. Rf1 Qd8 24. Qc2 Qb6 25. Rxg6+ fxg6 26. Qxg6+ Kh8 27. Qxe8+ Kh7
28. Bd3+ Kg7 29. Qf8# 1-0

[Event "Let's Play Chess!"]
[Site "http://www.queenalice.com/game.php?id=704943"]
[Date "2009.12.29"]
[Round "-"]
[White "uniaonortesul"]
[Black "baron_1999"]
[Result "0-1"]
[WhiteElo "1100"]
[BlackElo "1640"]

1. h4 e5 2. Nf3 Nc6 3. e3 d5 4. d4 e4 5. Ng5 h6 6. Nh3 Qxh4 7. Nc3 Bg4 8. g3
Bxd1 9. gxh4 Bf3 10. Rg1 Nf6 11. Nf4 O-O-O 12. a4 g6 13. Nfxd5 Nxd5 14. Nxd5
Rxd5 15. Ra3 Bxa3 16. bxa3 Nxd4 17. exd4 Rxd4 18. c3 Rd1# 0-1

[Event "Challenge"]
[Site "http://www.queenalice.com/game.php?id=710215"]
[Date "2010.1.8"]
[Round "-"]
[White "richcooke"]
[Black "baron_1999"]
[Result "0-1"]
[WhiteElo "1707"]
[BlackElo "1640"]

1. e4 c5 2. Nf3 d6 3. Bc4 Nc6 4. O-O Nf6 5. Ng5 e6 6. Nc3 Be7 7. Bb5 Bd7 8. Bxc6
Bxc6 9. d3 O-O 10. Bf4 d5 11. e5 Nd7 12. Nf3 f5 13. d4 g5 14. Be3 h5 15. Nd2 f4
16. Bxf4 Rxf4 17. dxc5 Nxe5 18. Qxh5 d4 19. g3 dxc3 20. gxf4 Qd5 21. f3 Qd4+ 22.
Kg2 Qxd2+ 23. Rf2 Bxf3+ 24. Kg3 gxf4+ 0-1

[Event "Challenge"]
[Site "http://www.queenalice.com/game.php?id=715277"]
[Date "2010.1.17"]
[Round "-"]
[White "miguelnalexandre"]
[Black "baron_1999"]
[Result "0-1"]
[WhiteElo "1456"]
[BlackElo "1737"]

1. e4 c5 2. Nf3 d6 3. d4 Nf6 4. Nc3 cxd4 5. Nxd4 Nc6 6. Bc4 Qb6 7. Nb3 e6 8. O-O
Be7 9. Be3 Qc7 10. Nd4 O-O 11. Ndb5 Qd7 12. a3 a6 13. Nd4 b5 14. Ba2 Ne5 15. h3
Bb7 16. f3 Rac8 17. Bf4 Nc4 18. Rb1 e5 19. Be3 Nxe3 20. Qd3 Nxf1 21. Kxf1 exd4
22. Ne2 Qc7 23. Nxd4 d5 24. exd5 Nxd5 25. Nf5 Qxc2 26. Qxc2 Rxc2 27. Bxd5 Rc7
28. Rd1 Bxd5 29. Rxd5 Rc1+ 0-1

[Event "Challenge"]
[Site "http://www.queenalice.com/game.php?id=715278"]
[Date "2010.1.17"]
[Round "-"]
[White "baron_1999"]
[Black "miguelnalexandre"]
[Result "1-0"]
[WhiteElo "1707"]
[BlackElo "1550"]

1. d4 d5 2. c4 e6 3. Nc3 Nf6 4. Bg5 h6 5. Bxf6 Qxf6 6. Nf3 Be7 7. e3 b6 8. Bd3
O-O 9. O-O Nd7 10. Nd2 Bb7 11. Qa4 Rfd8 12. cxd5 exd5 13. Ba6 Rab8 14. Bxb7 Rxb7
15. Nxd5 Qe6 16. Qc6 Rdb8 17. Qxe6 fxe6 18. Nxe7+ Kf7 19. Nc6 Ra8 20. Rac1 a5
21. f4 Ke8 22. f5 exf5 23. Rxf5 Nf6 24. e4 Kd7 25. Ne5+ Ke8 26. Nc6 a4 27. e5
Nd7 28. Rcf1 Nf6 29. exf6 gxf6 30. Rxf6 h5 31. Rf8+ Kd7 32. Ne5+ Ke6 33. Rxa8 b5
34. Re8+ Kd6 35. Rf6+ Kd5 36. Rd8# 1-0

[Event "Challenge"]
[Site "http://www.queenalice.com/game.php?id=717912"]
[Date "2010.1.21"]
[Round "-"]
[White "baron_1999"]
[Black "leafar"]
[Result "0-1"]
[WhiteElo "1664"]
[BlackElo "1641"]

1. d4 d5 2. c4 dxc4 3. e4 e6 4. Bxc4 Be7 5. Nf3 Nf6 6. Nc3 O-O 7. O-O c5 8. dxc5
Qxd1 9. Rxd1 Bxc5 10. e5 Nfd7 11. Ne4 b6 12. Nxc5 Nxc5 13. Be3 Nc6 14. Rac1 Ne7
15. Bxc5 bxc5 16. Ng5 Nc6 17. Rd6 Nxe5 18. Bb3 Rb8 0-1

[Event "Another game?"]
[Site "http://www.queenalice.com/game.php?id=720295"]
[Date "2010.1.25"]
[Round "-"]
[White "richcooke"]
[Black "baron_1999"]
[Result "1-0"]
[WhiteElo "1793"]
[BlackElo "1621"]

1. e4 c5 2. Bc4 Nf6 3. Qf3 d5 4. exd5 a6 5. Ne2 Nbd7 6. O-O Ne5 7. Qb3 b5 8.
Bxb5+ axb5 9. Qxb5+ Qd7 10. Qxc5 Qxd5 11. d4 Qxc5 12. dxc5 e6 13. b4 Nd5 14. c3
Be7 15. Rd1 O-O 16. Bf4 Nxf4 17. Nxf4 Bd7 18. Nd2 Bb5 19. Ne4 Bc6 20. f3 Nc4 21.
Nd6 Ne3 22. Rd2 Bf6 23. Rc1 Be5 24. Nd3 Bxd6 25. cxd6 Nc4 26. Re2 Nxd6 27. c4
Rad8 28. b5 Nxb5 29. Nb4 Nd4 30. Re3 Rb8 31. a3 Rfd8 32. Rcc3 Ba4 33. c5 Rbc8
34. Kf2 Bb5 35. g4 h5 36. g5 Ne2 37. Rxe2 Bxe2 38. Kxe2 1-0

[Event "Challenge"]
[Site "http://www.queenalice.com/game.php?id=723004"]
[Date "2010.1.30"]
[Round "-"]
[White "ensito"]
[Black "baron_1999"]
[Result "1-0"]
[WhiteElo "1787"]
[BlackElo "1681"]

1. b4 e5 2. Bb2 d6 3. d4 d5 4. a3 e4 5. e3 Nf6 6. c4 c6 7. c5 Be7 8. Be2 Na6 9.
Bxa6 bxa6 10. Ne2 O-O 11. Ng3 Qc7 12. Nh5 Bg4 13. Nxf6+ Bxf6 14. Qxg4 a5 15. h4
axb4 16. axb4 a5 17. Bc3 axb4 18. Rxa8 Rxa8 19. Bb2 Ra2 20. Qe2 g6 21. Qd2 Qb7
22. O-O 1-0

[Event "Challenge"]
[Site "http://www.queenalice.com/game.php?id=732175"]
[Date "2010.2.15"]
[Round "-"]
[White "agsantos"]
[Black "baron_1999"]
[Result "1-0"]
[WhiteElo "1692"]
[BlackElo "1729"]

1. e4 c5 2. c4 Nc6 3. Nc3 d6 4. Be2 Nf6 5. h3 e5 6. Nf3 Be7 7. O-O O-O 8. a3 Nd4
9. Nxd4 cxd4 10. Nd5 Nxe4 11. d3 Nf6 12. Nxf6+ Bxf6 13. b4 Qc7 14. Bg4 Bxg4 15.
Qxg4 b5 16. cxb5 1-0

[Event "Challenge"]
[Site "http://www.queenalice.com/game.php?id=734518"]
[Date "2010.2.19"]
[Round "-"]
[White "cyrillt"]
[Black "baron_1999"]
[Result "1-0"]
[WhiteElo "1759"]
[BlackElo "1610"]

1. e4 c5 2. Bc4 e6 3. Nf3 Nf6 4. d3 d5 5. exd5 exd5 6. Bb3 Nc6 7. O-O Be7 8. Nc3
O-O 9. d4 c4 10. Ba4 Bg4 11. Be3 Qb6 12. b3 Bb4 13. Bd2 Nxd4 14. Be3 1-0

[Event "Challenge"]
[Site "http://www.queenalice.com/game.php?id=737405"]
[Date "2010.2.25"]
[Round "-"]
[White "thiagobrumchess"]
[Black "baron_1999"]
[Result "1-0"]
[WhiteElo "1670"]
[BlackElo "1641"]

1. d4 d5 2. c4 e6 3. Nc3 Bb4 4. Bd2 Nf6 5. Qa4+ Nc6 6. Nf3 dxc4 7. a3 Bxc3 8.
bxc3 Qd5 9. e3 b5 10. Qc2 Na5 11. Be2 Nb3 12. Rb1 1-0